000 00453nam a22001457a 4500
999 _c12088
_d12088
003 URS
005 20220114162359.0
008 190923b ||||| |||| 00| 0 eng d
020 _a9780415748520 (paperback)
040 _aDLC DCAL rda
_beng
_cDMLUC
_dURS
100 _aReyes, Ericson M.,
_eauthor.
245 _aSociolinguistic Research
_bApplication and Impact
_cRobert Lawson and Dave Sayers
300 _a262 pages
_billustrations
_c25 cm
942 _2lcc
_cBK